Numerical methods of analysis in engineering (successive corrections) (Record no. 543961)
[ view plain ]
| 000 -LEADER | |
|---|---|
| fixed length control field | 00714cam a22001691 4500 |
| 082 ## - DEWEY DECIMAL CLASSIFICATION NUMBER | |
| Classification number | 519.4024624 |
| Author Mark | NUM |
| -- | L-3,P-24 |
| 100 ## - MAIN ENTRY--PERSONAL NAME | |
| Personal name | GRINTER, L.E |
| 9 (RLIN) | 39474 |
| 245 00 - TITLE STATEMENT | |
| Title | Numerical methods of analysis in engineering (successive corrections) |
| Statement of responsibility, etc. | [by] Hardy Cross [and others] A publication resulting from a symposium held at Illinois Institute of Technology, Chicago, Illinois. Arr. and ed. by L. E. Grinter. |
| 260 ## - PUBLICATION, DISTRIBUTION, ETC. | |
| Place of publication, distribution, etc. | New York, |
| Name of publisher, distributor, etc. | Macmillan Co., |
| Date of publication, distribution, etc. | 1949. |
| 300 ## - PHYSICAL DESCRIPTION | |
| Extent | xvi, 207 p. |
| Other physical details | diagrs. |
| Dimensions | 25 cm. |
| 500 ## - GENERAL NOTE | |
| General note | On cover: In honor of Hardy Cross. |
| 526 ## - STUDY PROGRAM INFORMATION NOTE | |
| Program name | 0 |
| Interest level | 0 |
| Reading level | 0 |
| Title point value | 519_402462400000000_NUM |
| 650 #0 - SUBJECT ADDED ENTRY--TOPICAL TERM | |
| Topical term or geographic name entry element | MCE |
| 9 (RLIN) | 379 |
| 650 #0 - SUBJECT ADDED ENTRY--TOPICAL TERM | |
| Topical term or geographic name entry element | Mechanics, Applied. |
| 9 (RLIN) | 13090 |
| 700 1# - ADDED ENTRY--PERSONAL NAME | |
| Personal name | Grinter, Linton E. |
| 9 (RLIN) | 35973 |
| 942 ## - ADDED ENTRY ELEMENTS (KOHA) | |
| Source of classification or shelving scheme | |
| Koha item type | Book |
| Withdrawn status | Lost status | Source of classification or shelving scheme | Damaged status | Not for loan | Permanent Location | Current Location | Date acquired | Total Checkouts | Full call number | Barcode | Date last seen | Price effective from | Koha item type |
|---|---|---|---|---|---|---|---|---|---|---|---|---|---|
| Military College of Engineering (MCE) | Military College of Engineering (MCE) | 04/08/2014 | 519.4024624 NUM | MCE-29938 | 04/08/2014 | 04/08/2014 | Book |
